| 000 | 00875nam a2200265Ia 4500 | ||
|---|---|---|---|
| 003 | OSt | ||
| 005 | 20221005111100.0 | ||
| 006 | a|||||r|||| 00| 0 | ||
| 007 | ta | ||
| 008 | 221004b |||||||| |||| 00| 0 hin d | ||
| 020 |
_a8183610781 (hbk) _cINR 295.00 |
||
| 024 | _a29358 | ||
| 037 |
_b277, 03/03/2017, Eastern Book Linkers _cTextual |
||
| 040 |
_aCRL _cCRL _bhin |
||
| 041 |
_2hin _ahin |
||
| 082 | _aO152,3N59,HA, P6 | ||
| 100 | _aशर्मा, राजू | ||
| 245 | 0 | _aहलफनामे | |
| 246 | _aHalafanāme | ||
| 260 |
_aनई दिल्ली _bराधाकृष्ण भारत _c2006 |
||
| 300 |
_a251पृ0 _ccm. |
||
| 650 | _aहिन्दी कहानी | ||
| 942 |
_hO152,3N59,HA, P6 _cTEXL _2cc |
||
| 999 |
_c1020754 _d1020754 |
||